000 003120000a22001450004500
003 MACL
040 _aMACL
090 _c32868
_d32866
100 _aCesari, Cecile
245 _aMastering Psychological Tests
260 _bInfinity Books
_c2001
350 _a95
650 _apsychology
942 _cBOOK
_k150/Ces
999 _c32531
_d32531